000 00819cab a2200253 4500
001 WB2834-03
008 090401t1992 xxu||||| |||| 00| 0 eng d
035 _a(Sirsi) u369
041 _aeng
245 _aMove to date old buildings
260 _c1992
350 _a0
490 _aWestern Morning News
_v29 August 1992, 5(1)
520 _aA survey is to be conducted, under the auspices of Devon CC and English Heritage, of the county`s 14th to 17th century buildings to establish a more definite method of dating based on timber analysis.
650 _aCARPENTRY
650 _aDENDROCHRONOLOGY
650 _aHISTORIC BUILDINGS
650 _aTREE RINGS
650 _aVERNACULAR BUILDINGS
690 _aBUILT ENVIRONMENT-BUILDING INSPECTION
690 _aCONSERVATION
942 _n0
948 _c04/03/1997
999 _c142
_d142